000 00576nmm a2200181Ia 4500
008 251105s9999||||xx |||||||||||||||||und||
020 _a9788418417290
041 _aspa
100 _aKopy, Jordan
245 0 _aTheodora Hendrix y la Monstruosa Liga de los Monstruos
264 _a[Madrid, España] :
_bRoca Editorial,
_c[Fecha de publicación no identificada]
300 _a0 páginas
650 _aTeen & Young Adult Books
700 _aKopy, Jordan
700 1 _a Angulo Fernández, María
856 _uhttps://public.digitaliapublishing.com/a/121935
942 _cCF
999 _c67531
_d67531